| 000 | 00728cab a2200205 4500 | ||
|---|---|---|---|
| 001 | WB3408-04 | ||
| 008 | 090401t1998 xxu||||| |||| 00| 0 eng d | ||
| 035 | _a(Sirsi) u84587 | ||
| 041 | _aeng | ||
| 245 | _aUpturn in Scottish business start-ups | ||
| 260 | _c1998 | ||
| 350 | _a0 | ||
| 490 |
_aFinancial Times _v26 February 1998, 8(1) |
||
| 520 | _aWhilst Scottish Enterprises business birth rate initiative launched five years ago has produced an increase in the number of new businesses started up in Scotland it had not narrowed the gap between Scotland and the rest of the UK | ||
| 650 | _aSCOTLAND | ||
| 650 | _aSCOTTISH ENTERPRISE | ||
| 690 | _aPROPERTY-COMMERCIAL PROPERTY | ||
| 942 | _n0 | ||
| 948 | _c27/02/1998 | ||
| 999 |
_c53169 _d53169 |
||